[Event "Chess24 Banter Blitz Cup"]
[Site "chess24.com INT"]
[Date "2020.02.06"]
[Round "2.14"]
[White "Vaibhav, Suri"]
[Black "Jones, Gawain C B"]
[Result "1-0"]
[WhiteTitle "GM"]
[BlackTitle "GM"]
[WhiteElo "2597"]
[BlackElo "2688"]
[WhiteFideId "5045185"]
[BlackFideId "409561"]
[EventDate "2019.09.25"]
[EventType "blitz"]

1. e4 e5 2. Nf3 Nc6 3. Bc4 Nf6 4. Ng5 d5 5. exd5 Na5 6. Bb5+ c6 7. dxc6 bxc6 8.
Bd3 Nd5 9. Nf3 Bd6 10. O-O Nf4 11. Re1 Nxd3 12. cxd3 O-O 13. b3 c5 14. Nc3 Nc6
15. Ba3 Bg4 16. h3 Bh5 17. Ne4 f5 18. Ng3 Bg6 19. Qc1 Qa5 20. Bb2 Rae8 21. Nh4
Qb5 22. Nxg6 hxg6 23. Qc4+ Qxc4 24. dxc4 e4 25. Nf1 Nb4 26. Red1 Nd3 27. Bc3 g5
28. Ne3 g6 29. Nc2 Kf7 30. Ne1 Nf4 31. Kf1 Be5 32. Bxe5 Rxe5 33. d4 cxd4 34.
Rxd4 e3 35. fxe3 Rxe3 36. Rad1 Rfe8 37. Nf3 Ne6 38. Rd7+ Kf6 39. R1d6 g4 40.
hxg4 fxg4 41. Nd4 g3 42. Nxe6 R8xe6 43. Rxe6+ Kxe6 44. Rxa7 Kf5 45. Rf7+ Kg4 46.
Rf3 Re4 47. Rc3 Rf4+ 48. Kg1 Rd4 49. Rc1 Rd2 50. c5 Rxa2 51. c6 Ra8 52. c7 Rc8
53. b4 Kg5 54. b5 Kf6 55. b6 Ke7 56. b7 Kd7 57. bxc8=Q+ Kxc8 58. Rc3 g5 59. Rxg3
Kxc7 60. Rxg5 Kd7 61. Rf5 Ke6 62. Rf3 Ke5 63. Kf2 Ke4 64. g4 Ke5 65. g5 Ke4 66.
g6 Ke5 67. g7 Ke4 68. g8=Q Kd4 69. Qg4+ Kc5 70. Rf5+ Kd6 71. Qg6+ 1-0

[Event "Chess24 Banter Blitz Cup"]
[Site "chess24.com INT"]
[Date "2020.02.06"]
[Round "2.15"]
[White "Jones, Gawain C B"]
[Black "Vaibhav, Suri"]
[Result "1-0"]
[WhiteTitle "GM"]
[BlackTitle "GM"]
[WhiteElo "2688"]
[BlackElo "2597"]
[WhiteFideId "409561"]
[BlackFideId "5045185"]
[EventDate "2019.09.25"]
[EventType "blitz"]

1. e4 c6 2. d4 d5 3. exd5 cxd5 4. c4 e6 5. Nf3 Nf6 6. Nc3 Bb4 7. cxd5 Nxd5 8.
Bd2 O-O 9. Bd3 b6 10. Nxd5 Bxd2+ 11. Nxd2 exd5 12. O-O Qd6 13. Qh5 g6 14. Qh4
Nc6 15. a3 Qd8 16. Qxd8 Rxd8 17. Nf3 Bg4 18. Bb5 Ne7 19. Ne5 Be6 20. Rac1 Rac8
21. Ba6 Rxc1 22. Rxc1 Nf5 23. Nf3 Rd7 24. Kf1 Kg7 25. Bc8 Re7 26. Bxe6 Rxe6 27.
Rc7 a5 28. Rd7 Rd6 29. Rxd6 Nxd6 30. a4 f6 31. Ke2 Kf7 32. Ne1 Ke6 33. Nc2 g5
34. b4 Nc4 35. Kd3 axb4 36. Nxb4 Nb2+ 37. Kc3 Nxa4+ 38. Kb3 b5 39. Nd3 Kd6 40.
f4 h6 41. fxg5 hxg5 42. h3 Nb6 43. g3 Nc4 44. h4 gxh4 45. gxh4 Ne3 46. h5 Nf5
47. Kc3 Kd7 48. Nf4 Kc6 49. Nd3 Kd6 50. Nf4 Nh6 51. Kb4 Nf5 52. Kc3 Kc6 53. Nd3
Nh6 54. Nf4 f5 55. Kb4 Kd6 56. Kxb5 Ng4 57. Kb6 Nh6 58. Kb7 Ng4 59. Kc8 Ke7 60.
Nxd5+ Kf7 61. Nf4 1-0

[Event "Chess24 Banter Blitz Cup"]
[Site "chess24.com INT"]
[Date "2020.02.04"]
[Round "2.1"]
[White "Idani, Pouya"]
[Black "Cori, Jorge"]
[Result "0-1"]
[WhiteTitle "GM"]
[BlackTitle "GM"]
[WhiteElo "2568"]
[BlackElo "2671"]
[WhiteFideId "12510130"]
[BlackFideId "3802272"]
[EventDate "2019.09.25"]
[EventType "blitz"]

1. e4 c5 2. Nf3 e6 3. d4 cxd4 4. Nxd4 Nc6 5. Nc3 Qc7 6. Be3 a6 7. a3 Nf6 8. f4
d6 9. Qf3 Be7 10. O-O-O O-O 11. Nxc6 bxc6 12. g4 d5 13. g5 dxe4 14. Nxe4 Nd5 15.
Rg1 Nxe3 16. Qxe3 Kh8 17. Bd3 e5 18. Nf6 exf4 19. Qe4 g6 20. Qd4 c5 21. Qc3 Bxf6
22. Qxf6+ Kg8 23. Rgf1 c4 24. Be4 Rb8 25. Rxf4 Rb6 26. Qd4 Qxf4+ 0-1

[Event "Chess24 Banter Blitz Cup"]
[Site "chess24.com INT"]
[Date "2020.02.04"]
[Round "2.2"]
[White "Cori, Jorge"]
[Black "Idani, Pouya"]
[Result "1/2-1/2"]
[WhiteTitle "GM"]
[BlackTitle "GM"]
[WhiteElo "2671"]
[BlackElo "2568"]
[WhiteFideId "3802272"]
[BlackFideId "12510130"]
[EventDate "2019.09.25"]
[EventType "blitz"]

1. e4 c5 2. Nf3 d6 3. Nc3 Nf6 4. Bb5+ Bd7 5. Qe2 Bxb5 6. Qxb5+ Qd7 7. d3 Nc6 8.
a3 g6 9. Nd5 Bg7 10. Nxf6+ Bxf6 11. O-O O-O 12. c3 a6 13. Qb3 b5 14. Qc2 d5 15.
Rd1 dxe4 16. dxe4 Qe6 17. Be3 c4 18. Nd4 Nxd4 19. Bxd4 Rfd8 20. Bxf6 exf6 21. h3
Kg7 22. Qe2 Re8 23. Rd4 Rad8 24. Rad1 Rxd4 25. Rxd4 f5 26. f3 fxe4 27. Rxe4 Qb6+
28. Kf1 Rd8 29. Re8 Rxe8 30. Qxe8 Qd6 31. Ke1 Qg3+ 32. Kf1 Qf4 33. Qe2 h5 34.
Kf2 h4 35. Qd1 Qg3+ 36. Kf1 Qe5 37. Kf2 g5 38. Qd2 a5 39. Kf1 a4 40. Kf2 f6 41.
Kf1 Kg6 42. Kf2 Qg3+ 43. Kf1 Qf4 44. Qxf4 gxf4 45. Ke2 Kf5 46. Kf2 Ke5 1/2-1/2

[Event "Chess24 Banter Blitz Cup"]
[Site "chess24.com INT"]
[Date "2020.02.04"]
[Round "2.3"]
[White "Idani, Pouya"]
[Black "Cori, Jorge"]
[Result "1-0"]
[WhiteTitle "GM"]
[BlackTitle "GM"]
[WhiteElo "2568"]
[BlackElo "2671"]
[WhiteFideId "12510130"]
[BlackFideId "3802272"]
[EventDate "2019.09.25"]
[EventType "blitz"]

1. e4 c5 2. Nf3 Nc6 3. Bb5 g6 4. Bxc6 bxc6 5. d4 cxd4 6. Qxd4 Nf6 7. e5 Nd5 8.
O-O Bg7 9. c4 Nc7 10. Qh4 h6 11. Nc3 Ne6 12. Re1 Kf8 13. b3 Kg8 14. Ba3 1-0

[Event "Chess24 Banter Blitz Cup"]
[Site "chess24.com INT"]
[Date "2020.02.04"]
[Round "2.4"]
[White "Cori, Jorge"]
[Black "Idani, Pouya"]
[Result "0-1"]
[WhiteTitle "GM"]
[BlackTitle "GM"]
[WhiteElo "2671"]
[BlackElo "2568"]
[WhiteFideId "3802272"]
[BlackFideId "12510130"]
[EventDate "2019.09.25"]
[EventType "blitz"]

1. c4 c5 2. Nf3 g6 3. Nc3 Bg7 4. g3 Nc6 5. Bg2 d6 6. O-O Bf5 7. d3 Qd7 8. Nd5
Nf6 9. Nxf6+ Bxf6 10. Rb1 O-O 11. Bh6 Rfe8 12. Ng5 a6 13. Qd2 Rab8 14. b3 b5 15.
Ne4 Bh8 16. h4 Bh3 17. h5 Bxg2 18. Kxg2 f5 19. Ng5 e5 20. Rh1 Nd4 21. hxg6 hxg6
22. e3 Ne6 23. Nxe6 Qxe6 24. Bg5 Rb7 25. Rh4 Rh7 26. Rbh1 Rxh4 27. Rxh4 Bg7 28.
Qd1 d5 29. cxd5 Qxd5+ 30. e4 fxe4 31. Rxe4 c4 32. bxc4 bxc4 33. f3 cxd3 34. Qd2
Rc8 35. Qf2 Rc2 36. Bd2 Qxa2 37. Qb6 Rxd2+ 38. Kh3 Rb2 39. Qd8+ Bf8 40. Qe8 Qf7
41. Qxe5 Qf5+ 42. Qxf5 gxf5 43. Rd4 d2 0-1

[Event "Chess24 Banter Blitz Cup"]
[Site "chess24.com INT"]
[Date "2020.02.04"]
[Round "2.5"]
[White "Idani, Pouya"]
[Black "Cori, Jorge"]
[Result "0-1"]
[WhiteTitle "GM"]
[BlackTitle "GM"]
[WhiteElo "2568"]
[BlackElo "2671"]
[WhiteFideId "12510130"]
[BlackFideId "3802272"]
[EventDate "2019.09.25"]
[EventType "blitz"]

1. d4 d5 2. Nf3 c6 3. Bf4 Nf6 4. e3 Bg4 5. Nbd2 e6 6. Bd3 Bd6 7. O-O Bxf4 8.
exf4 O-O 9. c3 Nbd7 10. Qe2 c5 11. dxc5 Nxc5 12. Bc2 Rc8 13. Qe3 Bxf3 14. Nxf3
Qb6 15. Rab1 Ncd7 16. Nd4 Rfe8 17. Rfe1 g6 18. a3 Qc5 19. h3 a6 20. Bd3 Qd6 21.
Nf3 Qc5 22. Nd4 Qc7 23. Nf3 Nc5 24. Bc2 Nce4 25. Ne5 Nd6 26. Qg3 Nc4 27. Qh4
Nxe5 28. fxe5 Nd7 29. Qg3 d4 30. h4 dxc3 31. bxc3 Qxc3 32. Qxc3 Rxc3 33. Rxb7
Nc5 34. Rb2 Rd8 35. Bb1 Kg7 36. g3 Rd4 37. Rb4 Rxb4 38. axb4 Nd7 39. Kg2 Rb3 40.
f4 Rxb4 41. Bd3 Nc5 42. Bf1 Rb2+ 43. Kf3 h5 44. Ra1 Rb3+ 45. Kf2 Ne4+ 46. Kg2
Rxg3+ 47. Kh2 Rg4 48. Bxa6 Rxh4+ 0-1

[Event "Chess24 Banter Blitz Cup"]
[Site "chess24.com INT"]
[Date "2020.02.04"]
[Round "2.6"]
[White "Cori, Jorge"]
[Black "Idani, Pouya"]
[Result "1-0"]
[WhiteTitle "GM"]
[BlackTitle "GM"]
[WhiteElo "2671"]
[BlackElo "2568"]
[WhiteFideId "3802272"]
[BlackFideId "12510130"]
[EventDate "2019.09.25"]
[EventType "blitz"]

1. c4 c5 2. Nc3 g6 3. g3 Bg7 4. Bg2 Nc6 5. d3 e6 6. Nf3 Nge7 7. O-O d5 8. cxd5
exd5 9. Bf4 O-O 10. Qd2 b6 11. Bh6 d4 12. Bxg7 Kxg7 13. Nb5 Nd5 14. Na3 h6 15.
Rfe1 Be6 16. Nc4 Qf6 17. a3 a5 18. Rac1 Rfd8 19. a4 Rab8 20. Qd1 g5 21. Nfd2
Nce7 22. Ne4 Qg6 23. Ned6 f6 24. Nb5 h5 25. e4 Nb4 26. Qe2 Bxc4 27. Rxc4 Nec6
28. Rcc1 g4 29. Na3 Ne5 30. Red1 Rh8 31. Nc4 Nxc4 32. Rxc4 Nc6 33. Rc2 Ne5 34.
f4 gxf3 35. Bxf3 h4 36. g4 h3 37. Kh1 Rh4 38. Rg1 Qg5 39. Qf1 Kh8 40. Bd1 Rg8
41. Rf2 Rg6 42. Rg3 Kg7 43. Rf5 Qd2 44. g5 Rxg5 45. Rgxg5+ fxg5 46. Rxe5 Rf4 47.
Rxg5+ Kh6 48. Qg1 Rf2 49. Rh5# 1-0

[Event "Chess24 Banter Blitz Cup"]
[Site "chess24.com INT"]
[Date "2020.02.04"]
[Round "2.7"]
[White "Idani, Pouya"]
[Black "Cori, Jorge"]
[Result "0-1"]
[WhiteTitle "GM"]
[BlackTitle "GM"]
[WhiteElo "2568"]
[BlackElo "2671"]
[WhiteFideId "12510130"]
[BlackFideId "3802272"]
[EventDate "2019.09.25"]
[EventType "blitz"]

1. e4 e6 2. d4 d5 3. e5 c5 4. c3 Nc6 5. Nf3 Bd7 6. Be2 Rc8 7. O-O cxd4 8. cxd4
Nge7 9. Nc3 Nf5 10. Be3 Be7 11. Bd3 Nxe3 12. fxe3 O-O 13. Rc1 f5 14. exf6 Rxf6
15. Bb1 g6 16. Rc2 Qf8 17. Rcf2 Qg7 18. e4 dxe4 19. Nxe4 Rff8 20. d5 Nb4 21. d6
Bd8 22. a3 Nd5 23. Ba2 Ne3 24. Qe2 Nxf1 25. Rxf1 Bb6+ 26. Kh1 Kh8 27. h3 h6 28.
b4 Rf4 29. Bb1 a6 30. Re1 Rcf8 31. Nc5 Bxc5 32. bxc5 Bc6 33. Ne5 R4f6 34. Qd3
Kg8 35. d7 Bd5 36. Qg3 g5 37. Kh2 Rd8 38. Be4 Rxd7 39. Nxd7 Qxd7 40. Bxd5 Qxd5
41. Qb8+ Kg7 42. Qg3 Qxc5 43. Re5 Qd4 44. Re2 Qf4 45. Qxf4 gxf4 46. Rb2 Rf7 47.
a4 Kf6 48. a5 Kf5 49. Kg1 e5 50. Kf2 h5 51. Rb4 Rc7 52. Rb6 Rc2+ 53. Kf1 Rc7 54.
Rb4 Rc1+ 55. Kf2 Rc5 56. Ke1 Rxa5 57. Kd2 Ra2+ 58. Kc3 Ra5 59. Rxb7 Rb5 60. Rf7+
Ke6 0-1

[Event "Chess24 Banter Blitz Cup"]
[Site "chess24.com INT"]
[Date "2020.02.04"]
[Round "2.8"]
[White "Cori, Jorge"]
[Black "Idani, Pouya"]
[Result "1/2-1/2"]
[WhiteTitle "GM"]
[BlackTitle "GM"]
[WhiteElo "2671"]
[BlackElo "2568"]
[WhiteFideId "3802272"]
[BlackFideId "12510130"]
[EventDate "2019.09.25"]
[EventType "blitz"]

1. d4 Nf6 2. Nf3 d5 3. c4 e6 4. e3 b6 5. Nc3 Bb7 6. cxd5 exd5 7. Bd3 a6 8. O-O
Bd6 9. b3 Nbd7 10. Bb2 O-O 11. Re1 Re8 12. Nd2 c5 13. Bf1 cxd4 14. exd4 Qc7 15.
g3 Rxe1 16. Qxe1 Re8 17. Qd1 b5 18. Bg2 b4 19. Na4 Bc6 20. Rc1 h6 21. Nf1 Qb7
22. Ne3 Bxa4 23. bxa4 a5 24. Qb3 Nb6 25. a3 Ne4 26. axb4 Bxb4 27. Bxe4 Rxe4 28.
Bc3 Qc6 29. Bb2 Qxa4 30. Qd3 Qd7 31. Rb1 Re8 32. Bc3 Bxc3 33. Qxc3 Nc4 34. Nxc4
dxc4 35. Qxc4 Rd8 36. Ra1 Qxd4 37. Qxd4 Rxd4 38. Rxa5 Rd1+ 39. Kg2 Rd2 1/2-1/2

[Event "Chess24 Banter Blitz Cup"]
[Site "chess24.com INT"]
[Date "2020.02.04"]
[Round "2.9"]
[White "Idani, Pouya"]
[Black "Cori, Jorge"]
[Result "0-1"]
[WhiteTitle "GM"]
[BlackTitle "GM"]
[WhiteElo "2568"]
[BlackElo "2671"]
[WhiteFideId "12510130"]
[BlackFideId "3802272"]
[EventDate "2019.09.25"]
[EventType "blitz"]

1. e4 e6 2. d4 d5 3. exd5 exd5 4. Nf3 Nc6 5. c3 Nf6 6. Bf4 Bd6 7. Bxd6 Qxd6 8.
Bd3 O-O 9. O-O Bg4 10. Nbd2 Rfe8 11. Qb3 Rab8 12. Rae1 b6 13. Qa4 Bd7 14. Qc2 h6
15. b4 a5 16. b5 Na7 17. a4 Rxe1 18. Rxe1 Re8 19. Ne5 Nc8 20. f4 Qf8 21. c4 dxc4
22. Bxc4 Nd6 23. Bb3 Be6 24. Bxe6 Rxe6 25. Qxc7 Nd5 26. Qd7 Nxf4 27. Ndf3 Qe8
28. Qxe8+ Rxe8 29. g3 Nd5 30. Rc1 f6 31. Rc6 Nf5 32. Nc4 Re2 33. Nxb6 Nde3 34.
Nc4 Rg2+ 35. Kh1 Rf2 36. Nxe3 Nxe3 37. Ng1 Ng4 38. Nh3 Rxh2+ 39. Kg1 Rxh3 40. b6
Rxg3+ 41. Kf1 Rb3 42. d5 Ne5 43. Rc8+ Kh7 44. d6 Rxb6 0-1

[Event "Chess24 Banter Blitz Cup"]
[Site "chess24.com INT"]
[Date "2020.02.04"]
[Round "2.10"]
[White "Cori, Jorge"]
[Black "Idani, Pouya"]
[Result "0-1"]
[WhiteTitle "GM"]
[BlackTitle "GM"]
[WhiteElo "2671"]
[BlackElo "2568"]
[WhiteFideId "3802272"]
[BlackFideId "12510130"]
[EventDate "2019.09.25"]
[EventType "blitz"]

1. Nf3 Nf6 2. d4 d5 3. Bg5 Ne4 4. Bf4 Bf5 5. Nbd2 e6 6. c3 g5 7. Be3 g4 8. Nxe4
Bxe4 9. Nd2 Bg6 10. h3 gxh3 11. Rxh3 Nd7 12. Bf4 Bd6 13. e3 Bxf4 14. exf4 Qf6
15. Qg4 Bf5 16. Qh4 Bxh3 17. Qxh3 Qxf4 18. Bd3 O-O-O 19. O-O-O Nf6 20. Kb1 h5
21. f3 h4 22. Nb3 Rhg8 23. Bf1 Rg3 24. Qh1 h3 25. gxh3 Qxf3 26. Qxf3 Rxf3 27.
Nc5 Ne4 28. Bg2 Re3 29. Bxe4 dxe4 30. Rf1 b6 31. Nb3 f5 32. Kc2 Rh8 33. Rf2
Rexh3 34. Nc1 Rh2 35. Re2 f4 36. Kd1 e3 0-1

[Event "Chess24 Banter Blitz Cup"]
[Site "chess24.com INT"]
[Date "2020.02.04"]
[Round "2.11"]
[White "Idani, Pouya"]
[Black "Cori, Jorge"]
[Result "0-1"]
[WhiteTitle "GM"]
[BlackTitle "GM"]
[WhiteElo "2568"]
[BlackElo "2671"]
[WhiteFideId "12510130"]
[BlackFideId "3802272"]
[EventDate "2019.09.25"]
[EventType "blitz"]

1. e4 e6 2. d4 d5 3. Nd2 Nf6 4. e5 Nfd7 5. Bd3 c5 6. c3 Nc6 7. Ne2 Be7 8. Nf3
cxd4 9. cxd4 f6 10. exf6 Nxf6 11. O-O O-O 12. Ng3 Bd7 13. Re1 Qb6 14. a3 Kh8 15.
Be3 Rae8 16. b4 Bd6 17. Ne5 Qd8 18. f4 Ne7 19. Rc1 Nf5 20. Nxf5 exf5 21. Qb3 Be6
22. a4 Qe7 23. b5 Ne4 24. Re2 g5 25. Bxe4 fxe4 26. fxg5 Bxe5 27. b6 Bb8 28. bxa7
Bxa7 29. Rb2 Rf7 30. h3 Bb8 31. Qb4 Kg7 32. Qxe7 Rexe7 33. a5 Rc7 34. Rxc7 Bxc7
35. Rxb7 Bxa5 36. Rb5 Be1 37. Rb1 Bg3 38. Rb6 Bf5 39. Rb5 Ra7 40. Rb1 Bd7 41.
Bd2 Kg6 42. Be3 Ra6 43. Bd2 Ra2 44. Be3 Ra3 45. Rb6+ Kf7 46. Rf6+ Ke8 47. Bd2
Ra1+ 48. Rf1 Rxf1+ 49. Kxf1 Bb5+ 50. Kg1 Kf7 51. Be3 Kg6 52. Kh1 Kf5 53. Kg1 Be2
54. Kh1 Bh4 55. g4+ Bxg4 56. hxg4+ Kxg4 57. g6 hxg6 58. Kg2 Bg5 59. Bf2 Bf4 60.
Be1 e3 61. Bc3 Kf5 62. Kf1 g5 63. Ke2 Ke4 64. Bb2 g4 65. Bc3 g3 66. Be1 g2 67.
Bf2 exf2 68. Kxf2 Kxd4 69. Kxg2 Ke3 70. Kh3 d4 71. Kg4 d3 0-1

[Event "Chess24 Banter Blitz Cup"]
[Site "chess24.com INT"]
[Date "2020.02.04"]
[Round "2.12"]
[White "Cori, Jorge"]
[Black "Idani, Pouya"]
[Result "1-0"]
[WhiteTitle "GM"]
[BlackTitle "GM"]
[WhiteElo "2671"]
[BlackElo "2568"]
[WhiteFideId "3802272"]
[BlackFideId "12510130"]
[EventDate "2019.09.25"]
[EventType "blitz"]

1. d4 Nf6 2. Nf3 d5 3. c3 c5 4. g3 Nc6 5. Bg2 cxd4 6. Nxd4 g6 7. O-O Bg7 8. Nd2
O-O 9. N2f3 Ne4 10. Be3 e5 11. Nxc6 bxc6 12. Qc1 Re8 13. Bh6 Bh8 14. Ng5 Nd6 15.
Rd1 Nf5 16. Nf3 Nxh6 17. Qxh6 Bg7 18. Qg5 Qb6 19. Qd2 e4 20. Nd4 c5 21. Nb3 Bb7
22. e3 a5 23. Nc1 a4 24. Rb1 Bc6 25. Ne2 Red8 26. h4 Be5 27. b3 axb3 28. axb3
Qa7 29. b4 Bb5 30. bxc5 Bxe2 31. Qxe2 Qxc5 32. Rb5 Qc6 33. c4 Rac8 34. Rbxd5
Rxd5 35. cxd5 Qa4 36. Qg4 f5 37. Qe2 Rd8 38. Bf1 Kg7 39. Qd2 Rd6 40. Rb1 h5 41.
Rb7+ Rd7 42. Rxd7+ Qxd7 43. Kg2 Qd6 44. Qa5 Bf6 45. Qa7+ Qe7 46. Qb6 Be5 47. Qc6
Bd6 48. Be2 Qe5 49. Qd7+ Qe7 50. Qc8 Qe5 51. Qb7+ Kh6 52. Qf7 Qe7 53. Qg8 Qg7
54. Qc8 Qe7 55. Bb5 Kg7 56. Bd7 Be5 57. Be6 Bd6 58. Qg8+ Kf6 59. Qh8+ Qg7 60.
Qd8+ Qe7 61. Qg8 Qg7 62. Qa8 Qe7 63. Qa1+ Be5 64. Qa2 Bd6 65. Qe2 Be5 66. Qb5
Qd6 67. Qc6 Qe7 68. Qc4 Qd6 69. Bf7 1-0

[Event "Chess24 Banter Blitz Cup"]
[Site "chess24.com INT"]
[Date "2020.02.04"]
[Round "2.13"]
[White "Idani, Pouya"]
[Black "Cori, Jorge"]
[Result "0-1"]
[WhiteTitle "GM"]
[BlackTitle "GM"]
[WhiteElo "2568"]
[BlackElo "2671"]
[WhiteFideId "12510130"]
[BlackFideId "3802272"]
[EventDate "2019.09.25"]
[EventType "blitz"]

1. e4 c5 2. Nf3 e6 3. d4 cxd4 4. Nxd4 Nc6 5. Nc3 Qc7 6. Be3 a6 7. a3 Nf6 8. f4
d6 9. Qf3 Be7 10. O-O-O O-O 11. Nxc6 Qxc6 12. g4 b5 13. g5 Nd7 14. Bd3 Nc5 15.
Kb1 Nxd3 16. cxd3 b4 17. axb4 Rb8 18. b5 axb5 19. Rc1 Qa6 20. Na2 b4 21. b3
Qxd3+ 22. Kb2 Bb7 23. Rhd1 Qxe4 24. Qxe4 Bxe4 25. Rc7 Rfe8 26. Ba7 Rb5 27. Rdc1
f6 28. Bd4 e5 29. fxe5 fxe5 30. Be3 d5 31. Rd7 d4 32. Bd2 Bf5 33. Ra7 e4 34.
Rcc7 Bf8 35. g6 Bxg6 36. Rd7 e3 37. Be1 d3 0-1

[Event "Chess24 Banter Blitz Cup"]
[Site "chess24.com INT"]
[Date "2020.02.03"]
[Round "2.1"]
[White "Meier, Georg"]
[Black "Maghsoodloo, Parham"]
[Result "1/2-1/2"]
[WhiteTitle "GM"]
[BlackTitle "GM"]
[WhiteElo "2628"]
[BlackElo "2664"]
[WhiteFideId "4675789"]
[BlackFideId "12539929"]
[EventDate "2019.09.25"]
[EventType "blitz"]

1. Nf3 d5 2. g3 c6 3. Bg2 Bg4 4. O-O Nd7 5. h3 Bh5 6. d3 Ngf6 7. c4 e5 8. cxd5
Nxd5 9. Nc3 N5b6 10. d4 exd4 11. Qxd4 Qf6 12. Rd1 Qxd4 13. Nxd4 O-O-O 14. Bf4
Nc5 15. Rac1 Ne6 16. Nxe6 Rxd1+ 17. Rxd1 fxe6 18. Be5 Nc4 19. Bd4 e5 20. Bxa7
Nxb2 21. Rb1 Nc4 22. e3 Bg6 23. Be4 b5 24. Bxg6 hxg6 25. Ne4 Rxh3 26. Bc5 Bxc5
27. Nxc5 Rh8 28. a4 bxa4 29. Rb4 Nd6 30. Rxa4 Kc7 31. Rg4 Rh6 32. Kg2 Ne8 33.
Ra4 Nf6 34. Rb4 Kd6 35. Nb7+ Kd5 36. Rb1 c5 37. Rc1 Nd7 38. Rd1+ Kc6 39. Na5+
Kc7 40. Nc4 g5 41. e4 Ra6 42. Rd5 Re6 43. Kf3 g6 44. Ke3 g4 45. f3 gxf3 46. Kxf3
g5 47. g4 Kc6 48. Ke3 Kc7 49. Kf3 Kd8 50. Nd6 Kc7 51. Nc4 1/2-1/2

[Event "Chess24 Banter Blitz Cup"]
[Site "chess24.com INT"]
[Date "2020.02.03"]
[Round "2.2"]
[White "Maghsoodloo, Parham"]
[Black "Meier, Georg"]
[Result "1/2-1/2"]
[WhiteTitle "GM"]
[BlackTitle "GM"]
[WhiteElo "2664"]
[BlackElo "2628"]
[WhiteFideId "12539929"]
[BlackFideId "4675789"]
[EventDate "2019.09.25"]
[EventType "blitz"]

1. e4 e6 2. d4 d5 3. e5 c5 4. c3 Ne7 5. Nf3 Nec6 6. Be2 b6 7. a4 Ba6 8. Bb5 Be7
9. O-O O-O 10. Be3 Na5 11. Nbd2 Bxb5 12. axb5 c4 13. b4 cxb3 14. Nxb3 a6 15.
Nxa5 bxa5 16. Qd3 axb5 17. Qxb5 Qc7 18. Bg5 Bxg5 19. Nxg5 h6 20. Nf3 Nd7 21.
Rfc1 Rfb8 22. Qd3 Nb6 23. Nd2 Rc8 24. Qb5 a4 25. h4 Nc4 26. Nxc4 Qxc4 27. Qxc4
Rxc4 28. Ra3 Rac8 29. Rca1 Rxc3 30. Rxc3 Rxc3 31. Rxa4 g5 32. hxg5 hxg5 33. f3
g4 34. fxg4 Rg3 35. Ra2 Rxg4 36. Rd2 Kg7 37. Kf2 Re4 38. Kf3 Kg6 39. g3 Kg5 40.
Rd1 Kf5 41. Rd2 Rg4 42. Rd1 Rg8 43. Rf1 Ra8 44. Ke3+ Kg6 45. Rf6+ Kg7 46. Rf4
Ra3+ 47. Kf2 Rd3 48. Rg4+ Kh6 49. Rf4 Kg6 50. Rg4+ Kh7 51. Rf4 Kg7 52. Rg4+ Kf8
53. Rf4 Ke7 54. Kg2 Kf8 55. Kh3 Kg7 56. Kg2 1/2-1/2

[Event "Chess24 Banter Blitz Cup"]
[Site "chess24.com INT"]
[Date "2020.02.03"]
[Round "2.3"]
[White "Meier, Georg"]
[Black "Maghsoodloo, Parham"]
[Result "1-0"]
[WhiteTitle "GM"]
[BlackTitle "GM"]
[WhiteElo "2628"]
[BlackElo "2664"]
[WhiteFideId "4675789"]
[BlackFideId "12539929"]
[EventDate "2019.09.25"]
[EventType "blitz"]

1. Nf3 d5 2. g3 c6 3. Bg2 Bg4 4. O-O Nd7 5. h3 Bh5 6. d3 e5 7. c4 dxc4 8. d4 e4
9. Ng5 Ngf6 10. Nc3 Be7 11. Ngxe4 O-O 12. Bf4 Nxe4 13. Nxe4 b5 14. Rc1 Nb6 15.
b3 Rc8 16. g4 Bg6 17. Nc5 Nd5 18. Bg3 Bxc5 19. dxc5 cxb3 20. axb3 Re8 21. Qd2 a5
22. Rfd1 a4 23. bxa4 bxa4 24. Qa2 Qa5 25. e3 h5 26. Rd4 hxg4 27. hxg4 a3 28. Ra1
Nc3 29. Qd2 Qxc5 30. Bd6 Ne2+ 31. Kf1 Nxd4 32. Bxc5 Nb3 33. Qc3 Nxa1 34. Qxa1 a2
35. Qxa2 Red8 36. Kg1 Ra8 37. Qb2 Rac8 38. Qc3 Rb8 39. Bf3 Rbc8 40. Kg2 f6 41.
Kg3 Bf7 42. Bd4 c5 43. Bxc5 Rd7 44. Qb4 Rdc7 45. Bd4 Rc4 46. Qd6 Re8 47. Qf4
Rcc8 48. g5 Rcd8 49. gxf6 g5 50. Qg4 Rxd4 51. Qxg5+ Kh7 52. exd4 1-0

[Event "Chess24 Banter Blitz Cup"]
[Site "chess24.com INT"]
[Date "2020.02.03"]
[Round "2.4"]
[White "Maghsoodloo, Parham"]
[Black "Meier, Georg"]
[Result "1-0"]
[WhiteTitle "GM"]
[BlackTitle "GM"]
[WhiteElo "2664"]
[BlackElo "2628"]
[WhiteFideId "12539929"]
[BlackFideId "4675789"]
[EventDate "2019.09.25"]
[EventType "blitz"]

1. e4 e6 2. d4 d5 3. e5 c5 4. c3 Ne7 5. Nf3 Nec6 6. Bd3 b6 7. O-O Ba6 8. Bxa6
Nxa6 9. h4 Be7 10. h5 h6 11. Be3 Nc7 12. a3 a5 13. Nbd2 Qc8 14. Ne1 O-O 15. f4
Qa6 16. g4 f6 17. exf6 Rxf6 18. Ndf3 Raf8 19. Nd3 Bd6 20. Nde5 Bxe5 21. dxe5
Rxf4 22. Bxf4 Rxf4 23. Nh4 Qc4 24. Ng6 Rxg4+ 25. Kh2 Rxg6 26. hxg6 Qh4+ 27. Kg2
Nxe5 28. Qe1 Qg5+ 29. Qg3 Nxg6 30. Qxg5 hxg5 31. Kg3 e5 32. Rad1 Nf4 33. Kg4
Nce6 34. Kf5 e4 35. Rfe1 Kf7 36. Ke5 Nd3+ 37. Kxd5 Nxe1 38. Rxe1 Kf6 39. Kc6 g4
40. Kxb6 c4 41. Kxa5 Kf5 42. Kb5 Nf4 43. a4 Nd3 44. Rf1+ Ke5 45. a5 1-0

[Event "Chess24 Banter Blitz Cup"]
[Site "chess24.com INT"]
[Date "2020.02.03"]
[Round "2.5"]
[White "Meier, Georg"]
[Black "Maghsoodloo, Parham"]
[Result "0-1"]
[WhiteTitle "GM"]
[BlackTitle "GM"]
[WhiteElo "2628"]
[BlackElo "2664"]
[WhiteFideId "4675789"]
[BlackFideId "12539929"]
[EventDate "2019.09.25"]
[EventType "blitz"]

1. Nf3 d5 2. g3 g6 3. Bg2 Bg7 4. d4 Nf6 5. O-O O-O 6. c4 c6 7. Nc3 a5 8. cxd5
cxd5 9. Ne5 Nc6 10. Bf4 Be6 11. Rc1 Rc8 12. Qd2 h5 13. Rfd1 h4 14. gxh4 Nh5 15.
Bh6 Qd6 16. Bxg7 Kxg7 17. Qe3 Rh8 18. a3 Nf6 19. Qg3 Rh7 20. e3 Rch8 21. Nb5 Qd8
22. Nxc6 bxc6 23. Rxc6 Rxh4 24. Nc7 Bd7 25. Rc5 Rg4 26. Qf3 Rh5 27. Nxd5 Rhg5
28. Nf4 Bf5 29. Qe2 Qd6 30. Re5 Nh5 31. Nxh5+ gxh5 32. Qf3 Rxg2+ 33. Kh1 Qg6 0-1